000 00901cgm a2200289 4500
001 B3204
008 090401t1988 xxu||||| |||| 00| 0 eng d
035 _a(Sirsi) u54705
041 _aeng
050 _a711.1
_c18
100 _aKeeble, Lewis
245 _aPlanning applications and appeals no. 2
_h[sound recording]
260 _aLondon
_bRICS
_c1988
300 _a1 sound cassette (ca. 60 min.)
350 _a10
490 _aOwlion Audio Programme
520 _aOutlines the process of submitting planning applications and the problems that can occur.
650 _aPLANNING APPEALS
650 _aPLANNING PERMISSION
690 _aPlanning and development
_96259
700 _aDenyer-Green, Barry P. D.
700 _aTrevena, Betty
710 _aCollege of Estate Management
_9400
710 _aRoyal Institution of Chartered Surveyors
_94900
942 _n0
948 _c04/03/1997
999 _c85294
_d85294